Municipalities of the Philippines on a Map - Statistics

General Stats
  • This quiz has been taken 887 times
  • The average score is 224 of 1642
Answers on the Map
Answers color-coded by a green-red scale on the quiz's map according to % correct below.
 
Answer Stats
Province Type Population Municipality % Correct
Metro Manila City 1,902,590 Manila
71%
Bukidnon Mun 114,521 Quezon
69%
Isabela Mun 28,376 Quezon
69%
Nueva Ecija Mun 42,621 Quezon
69%
Nueva Vizcaya Mun 25,306 Quezon
69%
Palawan Mun 68,532 Quezon
69%
Quezon Mun 15,869 Quezon
69%
Ilocos Sur Mun 15,164 Santa
65%
Cebu City 965,332 Cebu City
59%
Davao del Sur City 1,848,947 Davao City
57%
Abra Mun 10,777 San Juan
57%
Batangas Mun 115,118 San Juan
57%
Ilocos Sur Mun 26,709 San Juan
57%
La Union Mun 41,319 San Juan
57%
Metro Manila City 134,312 San Juan
57%
Siquijor Mun 17,291 San Juan
57%
Southern Leyte Mun 15,036 San Juan
57%
Batangas Mun 81,170 San Jose
55%
Camarines Sur Mun 44,688 San Jose
55%
Dinagat Islands Mun 26,735 San Jose
55%
Negros Oriental Mun 22,870 San Jose
55%
Northern Samar Mun 18,301 San Jose
55%
Nueva Ecija City 156,714 San Jose
55%
Occidental Mindoro Mun 143,495 San Jose
55%
Romblon Mun 11,626 San Jose
55%
Tarlac Mun 43,185 San Jose
55%
Antique Mun 69,522 San Jose de Buenavista
55%
Benguet City 368,426 Baguio
54%
Iloilo City 90,313 Passi
54%
Palawan City 316,384 Puerto Princesa
54%
Oriental Mindoro Mun 40,159 Baco
53%
Aklan Mun 33,932 Batan
52%
Metro Manila City 3,084,270 Quezon City
52%
Metro Manila City 1,712,945 Caloocan
51%
Zamboanga del Sur City 1,018,849 Zamboanga City
51%
Metro Manila City 309,770 Makati
48%
Batangas Mun 61,559 Taal
48%
Metro Manila City 725,173 Valenzuela
48%
La Union Mun 23,432 Caba
47%
Cavite City 98,673 Cavite City
47%
Metro Manila City 615,549 Las Piñas
47%
Metro Manila City 552,225 Muntinlupa
47%
Batangas City 358,267 Batangas City
46%
Iloilo City 473,728 Iloilo City
46%
Metro Manila City 471,323 Marikina
46%
Masbate City 104,011 Masbate City
46%
Metro Manila City 453,186 Pasay
46%
Cagayan Mun 19,577 Rizal
46%
Kalinga Mun 20,491 Rizal
46%
Laguna Mun 18,864 Rizal
46%
Nueva Ecija Mun 71,749 Rizal
46%
Occidental Mindoro Mun 40,319 Rizal
46%
Palawan Mun 59,040 Rizal
46%
Zamboanga del Norte Mun 15,347 Rizal
46%
Cavite City 87,811 Tagaytay
46%
Metro Manila City 1,308,085 Taguig
46%
Metro Manila City 465,902 Mandaluyong
45%
Camarines Sur City 210,545 Naga
45%
Cebu City 138,727 Naga
45%
Zamboanga Sibugay Mun 42,270 Naga
45%
Metro Manila City 703,245 Parañaque
45%
Metro Manila City 853,050 Pasig
45%
Leyte Mun 46,858 Isabel
44%
Zamboanga del Norte Mun 38,649 Roxas
43%
Bukidnon Mun 65,494 San Fernando
43%
Camarines Sur Mun 39,206 San Fernando
43%
Cebu Mun 76,110 San Fernando
43%
La Union City 124,809 San Fernando
43%
Masbate Mun 22,006 San Fernando
43%
Pampanga City 377,534 San Fernando
43%
Romblon Mun 23,660 San Fernando
43%
Davao del Sur Mun 104,793 Santa Cruz
43%
Ilocos Sur Mun 41,296 Santa Cruz
43%
Laguna Mun 126,844 Santa Cruz
43%
Marinduque Mun 51,594 Santa Cruz
43%
Occidental Mindoro Mun 40,010 Santa Cruz
43%
Zambales Mun 66,647 Santa Cruz
43%
Tarlac City 401,892 Tarlac
43%
Rizal City 913,712 Antipolo
42%
South Cotabato City 722,059 General Santos
42%
Quezon City 280,331 Lucena
42%
Metro Manila City 389,929 Malabon
42%
Metro Manila City 252,878 Navotas
42%
Metro Manila Mun 67,319 Pateros
42%
Capiz City 185,236 Roxas
42%
Isabela Mun 66,593 Roxas
42%
Oriental Mindoro Mun 58,428 Roxas
42%
Palawan Mun 69,729 Roxas
42%
Pampanga City 483,452 Angeles
41%
Laguna Mun 69,802 Bay
41%
Camarines Sur Mun 75,943 Bula
41%
Pangasinan City 174,777 Dagupan
41%
Misamis Oriental City 741,617 Cagayan de Oro
40%
Laguna City 575,046 Calamba
40%
Misamis Occidental Mun 23,808 Calamba
40%
Cavite City 744,511 Dasmariñas
40%
Bulacan City 269,809 Malolos
40%
Laguna City 348,968 San Pedro
40%
Bulacan Mun 322,525 Santa Maria
40%
Davao Occidental Mun 58,886 Santa Maria
40%
Ilocos Sur Mun 30,076 Santa Maria
40%
Isabela Mun 25,919 Santa Maria
40%
Laguna Mun 34,102 Santa Maria
40%
Pangasinan Mun 34,452 Santa Maria
40%
Romblon Mun 8,360 Santa Maria
40%
Laguna City 430,920 Santa Rosa
40%
Nueva Ecija Mun 80,258 Santa Rosa
40%
Catanduanes Mun 21,364 Viga
40%
Cavite City 661,381 Bacoor
39%
Cavite City 481,949 Imus
39%
Iloilo Mun 38,761 Maasin
39%
Southern Leyte City 85,486 Maasin
39%
Sorsogon City 187,670 Sorsogon City
39%
Cagayan City 167,297 Tuguegarao
39%
Lanao del Norte Mun 24,963 Bacolod
38%
Negros Occidental City 624,787 Bacolod
38%
Cebu City 497,813 Lapu-Lapu
38%
Leyte City 259,353 Tacloban
38%
Agusan del Norte City 385,530 Butuan
37%
Batangas City 387,392 Lipa
37%
Aurora Mun 44,684 Baler
36%
Aklan Mun 64,723 Malay
36%
Zambales City 264,903 Olongapo
36%
Batangas City 226,772 Santo Tomas
36%
Pampanga Mun 44,376 Santo Tomas
36%
Palawan Mun 85,258 Taytay
36%
Rizal Mun 397,111 Taytay
36%
Bulacan Mun 83,101 Bulakan
35%
Negros Oriental City 142,171 Dumaguete
35%
Zambales Mun 59,580 Iba
35%
Basilan City 151,297 Isabela
35%
Negros Occidental Mun 65,399 Isabela
35%
Ilocos Norte City 112,117 Laoag
35%
Agusan del Sur Mun 51,207 Rosario
35%
Batangas Mun 131,365 Rosario
35%
Cavite Mun 112,572 Rosario
35%
La Union Mun 58,797 Rosario
35%
Northern Samar Mun 11,726 Rosario
35%
Bulacan City 685,688 San Jose del Monte
35%
Isabela Mun 26,462 San Pablo
35%
Laguna City 300,166 San Pablo
35%
Zamboanga del Sur Mun 26,166 San Pablo
35%
Ilocos Sur City 54,498 Vigan
35%
Batanes Mun 9,647 Basco
34%
Nueva Ecija City 343,672 Cabanatuan
34%
Maguindanao del Norte City 383,383 Cotabato City
34%
Albay City 210,616 Legazpi
34%
Leyte City 238,545 Ormoc
34%
Camarines Sur Mun 101,668 Pili
34%
Northern Samar Mun 8,904 San Antonio
34%
Nueva Ecija Mun 84,958 San Antonio
34%
Quezon Mun 36,451 San Antonio
34%
Zambales Mun 38,617 San Antonio
34%
Bohol Mun 26,124 San Miguel
34%
Bulacan Mun 179,792 San Miguel
34%
Catanduanes Mun 14,578 San Miguel
34%
Iloilo Mun 31,093 San Miguel
34%
Leyte Mun 20,322 San Miguel
34%
Surigao del Sur Mun 41,942 San Miguel
34%
Zamboanga del Sur Mun 20,037 San Miguel
34%
Agusan del Norte Mun 33,877 Santiago
34%
Ilocos Sur Mun 19,771 Santiago
34%
Isabela City 150,313 Santiago
34%
Davao del Norte Mun 131,100 Santo Tomas
34%
Isabela Mun 25,997 Santo Tomas
34%
La Union Mun 42,777 Santo Tomas
34%
Pangasinan Mun 14,894 Santo Tomas
34%
Bohol City 106,120 Tagbilaran
34%
Sulu Mun 152,067 Jolo
33%
Bulacan City 228,023 Meycauayan
33%
Surigao del Norte City 177,333 Surigao City
33%
Laguna Mun 53,589 Alaminos
32%
Pangasinan City 100,430 Alaminos
32%
Laguna City 584,479 Biñan
32%
Cavite City 482,453 General Trias
32%
Cavite Mun 123,631 Kawit
32%
Bukidnon City 195,046 Malaybalay
32%
Laguna Mun 57,776 Pila
32%
Negros Occidental City 133,175 San Carlos
32%
Pangasinan City 208,330 San Carlos
32%
Agusan del Sur Mun 79,718 San Francisco
32%
Cebu Mun 61,092 San Francisco
32%
Quezon Mun 63,789 San Francisco
32%
Southern Leyte Mun 12,897 San Francisco
32%
Surigao del Norte Mun 16,004 San Francisco
32%
Cagayan Mun 34,595 Santa Ana
32%
Pampanga Mun 63,431 Santa Ana
32%
Bataan City 109,931 Balanga
31%
Bulacan Mun 30,064 Doña Remedios Trinidad
31%
Nueva Ecija City 129,610 Gapan
31%
Lanao del Norte City 368,132 Iligan
31%
Benguet Mun 142,925 La Trinidad
31%
Lanao del Sur City 259,993 Marawi
31%
Siquijor Mun 15,146 Maria
31%
Rizal Mun 451,383 Rodriguez
31%
Romblon Mun 39,004 Romblon
31%
Bulacan City 174,194 Baliwag
30%
Rizal Mun 386,321 Cainta
30%
Camarines Norte Mun 106,465 Daet
30%
Pampanga City 306,594 Mabalacat
30%
Zambales Mun 116,788 Subic
30%
Kalinga City 122,771 Tabuk
30%
Batangas Mun 46,477 Talisay
30%
Camarines Norte Mun 26,371 Talisay
30%
Cebu City 263,832 Talisay
30%
Negros Occidental City 109,204 Talisay
30%
Cavite City 227,892 Trece Martires
30%
Pangasinan City 145,935 Urdaneta
30%
Bulacan Mun 147,755 Bocaue
29%
Ilocos Sur City 61,315 Candon
29%
Isabela City 164,020 Ilagan
29%
Pangasinan Mun 26,837 Infanta
29%
Quezon Mun 77,676 Infanta
29%
Laguna Mun 25,243 Kalayaan
29%
Palawan Mun 406 Kalayaan
29%
Pampanga Mun 187,597 Mexico
29%
Bataan Mun 40,843 Samal
29%
Davao del Norte City 119,701 Samal
29%
Abra Mun 4,771 San Isidro
29%
Bohol Mun 10,228 San Isidro
29%
Davao del Norte Mun 27,552 San Isidro
29%
Davao Oriental Mun 35,984 San Isidro
29%
Isabela Mun 27,326 San Isidro
29%
Leyte Mun 30,792 San Isidro
29%
Northern Samar Mun 26,068 San Isidro
29%
Nueva Ecija Mun 55,108 San Isidro
29%
Surigao del Norte Mun 8,813 San Isidro
29%
Isabela Mun 67,433 San Mateo
29%
Rizal Mun 276,449 San Mateo
29%
Davao del Norte City 300,042 Tagum
29%
Cagayan Mun 68,368 Aparri
28%
Cavite City 112,140 Carmona
28%
Misamis Occidental City 143,620 Ozamiz
28%
Nueva Ecija City 47,883 Palayan
28%
Bulacan Mun 123,140 San Ildefonso
28%
Ilocos Sur Mun 8,213 San Ildefonso
28%
Bohol Mun 28,535 Valencia
28%
Bukidnon City 223,620 Valencia
28%
Negros Oriental Mun 39,986 Valencia
28%
Cavite Mun 60,583 Alfonso
27%
Ilocos Norte City 56,781 Batac
27%
Oriental Mindoro City 148,558 Calapan
27%
Palawan Mun 69,439 Coron
27%
Zamboanga del Norte City 136,528 Dipolog
27%
Palawan Mun 51,367 El Nido
27%
Aklan Mun 93,218 Kalibo
27%
Abra Mun 16,014 La Paz
27%
Agusan del Sur Mun 29,096 La Paz
27%
Leyte Mun 19,797 La Paz
27%
Tarlac Mun 71,978 La Paz
27%
Pangasinan Mun 108,510 Lingayen
27%
Abra Mun 6,402 Luba
27%
Davao Oriental City 148,672 Mati
27%
Batangas Mun 141,063 Nasugbu
27%
Abra Mun 10,498 Pilar
27%
Bataan Mun 47,107 Pilar
27%
Bohol Mun 28,860 Pilar
27%
Capiz Mun 48,789 Pilar
27%
Cebu Mun 12,454 Pilar
27%
Sorsogon Mun 76,908 Pilar
27%
Surigao del Norte Mun 11,135 Pilar
27%
Bulacan Mun 108,256 San Rafael
27%
Iloilo Mun 18,293 San Rafael
27%
Cavite Mun 313,145 Silang
27%
Cavite Mun 339,308 Tanza
27%
Isabela Mun 37,191 Aurora
26%
Zamboanga del Sur Mun 52,746 Aurora
26%
Tarlac Mun 81,012 Bamban
26%
Cebu City 90,187 Bogo
26%
Mountain Province Mun 23,466 Bontoc
26%
Southern Leyte Mun 32,082 Bontoc
26%
Eastern Samar City 71,431 Borongan
26%
Agusan del Norte Mun 70,691 Buenavista
26%
Bohol Mun 31,095 Buenavista
26%
Guimaras Mun 54,352 Buenavista
26%
Marinduque Mun 24,136 Buenavista
26%
Quezon Mun 31,550 Buenavista
26%
Samar City 187,848 Calbayog
26%
Samar City 107,896 Catbalogan
26%
Davao del Sur City 192,063 Digos
26%
South Cotabato City 201,844 Koronadal
26%
Batangas Mun 49,876 Mabini
26%
Bohol Mun 28,224 Mabini
26%
Davao de Oro Mun 43,971 Mabini
26%
Pangasinan Mun 26,589 Mabini
26%
Agusan del Norte Mun 22,780 Magallanes
26%
Cavite Mun 25,826 Magallanes
26%
Sorsogon Mun 38,072 Magallanes
26%
Cebu City 364,482 Mandaue
26%
Bataan Mun 156,200 Mariveles
26%
Bataan Mun 37,024 Morong
26%
Rizal Mun 72,262 Morong
26%
Cavite Mun 236,978 Naic
26%
Bulacan Mun 140,697 Norzagaray
26%
Bulacan Mun 61,073 Obando
26%
Agusan del Sur Mun 36,264 San Luis
26%
Aurora Mun 30,342 San Luis
26%
Batangas Mun 36,841 San Luis
26%
Pampanga Mun 64,674 San Luis
26%
Batangas City 209,697 Tanauan
26%
Leyte Mun 60,212 Tanauan
26%
Quezon City 115,318 Tayabas
26%
Laguna City 365,202 Cabuyao
25%
Quezon Mun 137,933 Candelaria
25%
Zambales Mun 32,182 Candelaria
25%
Isabela City 143,539 Cauayan
25%
Negros Occidental Mun 110,899 Cauayan
25%
Bulacan Mun 136,673 Hagonoy
25%
Davao del Sur Mun 58,689 Hagonoy
25%
Camarines Sur City 115,306 Iriga
25%
Laguna Mun 117,030 Los Baños
25%
Bulacan Mun 263,507 Marilao
25%
Nueva Ecija City 85,061 Muñoz
25%
Siquijor Mun 30,215 Siquijor
25%
Albay City 140,779 Tabaco
25%
Laguna Mun 45,230 Victoria
25%
Northern Samar Mun 16,085 Victoria
25%
Oriental Mindoro Mun 52,215 Victoria
25%
Tarlac Mun 71,495 Victoria
25%
Catanduanes Mun 75,135 Virac
25%
Biliran Mun 18,721 Biliran
24%
Ilocos Norte Mun 10,962 Burgos
24%
Ilocos Sur Mun 13,026 Burgos
24%
Isabela Mun 26,729 Burgos
24%
La Union Mun 9,121 Burgos
24%
Pangasinan Mun 23,240 Burgos
24%
Surigao del Norte Mun 4,399 Burgos
24%
Bulacan Mun 122,187 Calumpit
24%
Agusan del Norte Mun 23,304 Carmen
24%
Bohol Mun 50,249 Carmen
24%
Cebu Mun 60,230 Carmen
24%
Cotabato Mun 79,741 Carmen
24%
Davao del Norte Mun 85,423 Carmen
24%
Surigao del Sur Mun 11,859 Carmen
24%
Iloilo Mun 45,737 Concepcion
24%
Misamis Occidental Mun 6,608 Concepcion
24%
Romblon Mun 3,427 Concepcion
24%
Tarlac Mun 178,549 Concepcion
24%
Bohol Mun 20,299 Danao
24%
Cebu City 161,307 Danao
24%
Zamboanga del Norte City 87,699 Dapitan
24%
Cavite Mun 176,927 General Mariano Alvarez
24%
Nueva Ecija Mun 40,185 Laur
24%
Cavite Mun 41,977 Maragondon
24%
Cavite Mun 36,518 Mendez
24%
Biliran Mun 59,236 Naval
24%
Bulacan Mun 120,939 Plaridel
24%
Misamis Occidental Mun 40,321 Plaridel
24%
Quezon Mun 10,866 Plaridel
24%
Batangas Mun 24,392 San Nicolas
24%
Ilocos Norte Mun 39,116 San Nicolas
24%
Pangasinan Mun 40,144 San Nicolas
24%
Iloilo Mun 55,476 Sara
24%
Rizal Mun 145,597 Tanay
24%
Cavite Mun 24,891 Ternate
24%
Rizal Mun 134,975 Angono
23%
Negros Occidental City 192,993 Bago
23%
Ilocos Norte Mun 19,363 Banna
23%
Camarines Sur Mun 52,021 Bato
23%
Catanduanes Mun 21,325 Bato
23%
Leyte Mun 39,275 Bato
23%
Marinduque Mun 54,365 Boac
23%
Batangas City 92,281 Calaca
23%
Pampanga Mun 146,095 Floridablanca
23%
Cavite Mun 70,092 Indang
23%
Cotabato City 160,864 Kidapawan
23%
Basilan City 116,652 Lamitan
23%
Apayao Mun 21,630 Luna
23%
Isabela Mun 21,015 Luna
23%
La Union Mun 38,076 Luna
23%
Ilocos Norte Mun 18,105 Marcos
23%
Batangas Mun 31,912 Mataasnakahoy
23%
Misamis Occidental City 71,373 Oroquieta
23%
Zamboanga del Sur City 206,483 Pagadian
23%
Bulacan Mun 111,384 Pulilan
23%
Ilocos Sur Mun 9,460 Quirino
23%
Isabela Mun 25,205 Quirino
23%
Quezon Mun 53,375 San Narciso
23%
Zambales Mun 32,180 San Narciso
23%
Pampanga Mun 65,760 San Simon
23%
Albay Mun 37,586 Santo Domingo
23%
Ilocos Sur Mun 29,372 Santo Domingo
23%
Nueva Ecija Mun 63,750 Santo Domingo
23%
Sultan Kudarat City 116,945 Tacurong
23%
Bulacan Mun 67,862 Angat
22%
Pampanga Mun 121,057 Apalit
22%
Pangasinan Mun 84,658 Bolinao
22%
Tarlac Mun 162,724 Capas
22%
Camiguin Mun 18,186 Catarman
22%
Northern Samar Mun 97,738 Catarman
22%
Batangas Mun 41,251 Lobo
22%
Quezon Mun 96,006 Lopez
22%
Davao del Sur Mun 57,936 Magsaysay
22%
Lanao del Norte Mun 20,581 Magsaysay
22%
Misamis Oriental Mun 37,084 Magsaysay
22%
Occidental Mindoro Mun 40,987 Magsaysay
22%
Palawan Mun 13,273 Magsaysay
22%
Benguet Mun 49,268 Tuba
22%
La Union Mun 65,256 Agoo
21%
Pampanga Mun 150,949 Arayat
21%
Abra Mun 48,331 Bangued
21%
Batangas Mun 94,016 Bauan
21%
Agusan del Norte City 82,343 Cabadbaran
21%
Aurora Mun 26,855 Casiguran
21%
Sorsogon Mun 36,464 Casiguran
21%
Surigao del Norte Mun 39,882 Claver
21%
Dinagat Islands Mun 10,820 Dinagat
21%
Aurora Mun 29,286 Dingalan
21%
Quezon Mun 34,982 General Nakar
21%
Bulacan Mun 118,173 Guiguinto
21%
Batanes Mun 2,937 Itbayat
21%
Ilocos Norte Mun 25,565 Pagudpud
21%
Quezon Mun 31,737 Polillo
21%
Cebu Mun 34,834 Santa Fe
21%
Leyte Mun 22,889 Santa Fe
21%
Nueva Vizcaya Mun 18,950 Santa Fe
21%
Romblon Mun 17,578 Santa Fe
21%
Cebu City 206,692 Toledo
21%
Cavite Mun 44,190 Amadeo
20%
Batangas Mun 96,939 Balayan
20%
Nueva Vizcaya Mun 72,890 Bayombong
20%
Rizal Mun 321,281 Binangonan
20%
Zambales Mun 70,340 Botolan
20%
Bulacan Mun 80,565 Bustos
20%
Negros Occidental City 161,558 Cadiz
20%
Cebu City 140,308 Carcar
20%
Sorsogon Mun 61,308 Castilla
20%
Bataan Mun 124,188 Dinalupihan
20%
Abra Mun 11,967 Dolores
20%
Eastern Samar Mun 45,314 Dolores
20%
Quezon Mun 32,645 Dolores
20%
Cavite Mun 24,264 General Emilio Aguinaldo
20%
Pampanga Mun 137,948 Guagua
20%
Bataan Mun 80,557 Hermosa
20%
Rizal Mun 34,901 Jalajala
20%
Ifugao Mun 19,124 Lagawe
20%
Batangas Mun 44,791 Laurel
20%
Batangas Mun 94,736 Lemery
20%
Iloilo Mun 32,836 Lemery
20%
Albay City 119,779 Ligao
20%
Aurora Mun 45,972 Maria Aurora
20%
Cavite Mun 46,172 Noveleta
20%
Bataan Mun 72,941 Orani
20%
Bataan Mun 63,044 Orion
20%
Davao del Norte City 211,242 Panabo
20%
Pampanga Mun 147,551 Porac
20%
Oriental Mindoro Mun 42,301 Puerto Galera
20%
Quezon Mun 39,969 Real
20%
Isabela Mun 34,740 San Manuel
20%
Pangasinan Mun 56,876 San Manuel
20%
Tarlac Mun 29,693 San Manuel
20%
Bataan Mun 44,846 Abucay
19%
Cagayan Mun 41,468 Alcala
19%
Pangasinan Mun 49,479 Alcala
19%
Quezon Mun 65,552 Atimonan
19%
Bataan Mun 32,799 Bagac
19%
Bulacan Mun 80,221 Balagtas
19%
Leyte City 114,708 Baybay
19%
Batangas Mun 60,420 Calatagan
19%
Cagayan Mun 32,997 Claveria
19%
Masbate Mun 40,733 Claveria
19%
Misamis Oriental Mun 52,718 Claveria
19%
Misamis Oriental City 138,895 Gingoog
19%
Apayao Mun 16,425 Kabugao
19%
Batangas Mun 56,788 Lian
19%
Pampanga Mun 82,933 Macabebe
19%
Davao Occidental Mun 22,041 Sarangani
19%
Negros Oriental City 84,593 Tanjay
19%
Northern Samar Mun 26,527 Allen
18%
Bohol Mun 17,835 Anda
18%
Pangasinan Mun 42,688 Anda
18%
Benguet Mun 19,346 Atok
18%
Ilocos Sur Mun 37,088 Bantay
18%
Albay Mun 138,000 Daraga
18%
Batanes Mun 1,368 Ivana
18%
Nueva Ecija Mun 83,895 Jaen
18%
Negros Occidental City 210,893 Kabankalan
18%
Davao de Oro Mun 83,632 Laak
18%
Laguna Mun 66,351 Nagcarlan
18%
Aklan Mun 49,204 New Washington
18%
Albay Mun 64,890 Oas
18%
Cebu Mun 29,378 Oslob
18%
Bulacan Mun 162,725 Pandi
18%
Bulacan Mun 58,453 Paombong
18%
Oriental Mindoro Mun 35,771 Pola
18%
Mountain Province Mun 10,702 Sagada
18%
Catanduanes Mun 37,157 San Andres
18%
Quezon Mun 38,407 San Andres
18%
Romblon Mun 16,350 San Andres
18%
Zambales Mun 26,081 San Felipe
18%
Iloilo Mun 68,467 Santa Barbara
18%
Pangasinan Mun 92,420 Santa Barbara
18%
Pampanga Mun 42,915 Santa Rita
18%
Samar Mun 42,397 Santa Rita
18%
Camarines Norte Mun 11,774 San Vicente
18%
Ilocos Sur Mun 13,074 San Vicente
18%
Northern Samar Mun 7,308 San Vicente
18%
Palawan Mun 33,768 San Vicente
18%
Rizal Mun 67,454 Teresa
18%
Batangas Mun 47,199 Tuy
18%
Palawan Mun 76,715 Brooke's Point
17%
Aurora Mun 33,597 Dipaculao
17%
Guimaras Mun 40,647 Jordan
17%
Bataan Mun 81,960 Limay
17%
Pampanga Mun 190,355 Lubao
17%
Zambales Mun 56,579 Masinloc
17%
Sorsogon Mun 42,444 Matnog
17%
Batangas Mun 53,526 Padre Garcia
17%
Leyte Mun 80,291 Palo
17%
Tarlac Mun 106,190 Paniqui
17%
Bohol Mun 23,858 President Carlos P. Garcia
17%
Zambales Mun 39,542 San Marcelino
17%
Negros Occidental City 136,802 Silay
17%
Negros Occidental City 73,847 Sipalay
17%
Batangas Mun 40,662 Agoncillo
16%
Ifugao Mun 20,924 Aguinaldo
16%
Sarangani Mun 90,120 Alabel
16%
Ifugao Mun 20,143 Banaue
16%
Catanduanes Mun 12,992 Baras
16%
Rizal Mun 91,099 Baras
16%
Pangasinan Mun 129,506 Bayambang
16%
Quirino Mun 34,720 Cabarroguis
16%
Pampanga Mun 124,019 Candaba
16%
Negros Oriental City 62,785 Canlaon
16%
Zambales Mun 70,105 Castillejos
16%
Apayao Mun 28,360 Conner
16%
Misamis Oriental City 62,126 El Salvador
16%
Laguna Mun 17,668 Famy
16%
Tarlac Mun 97,937 Gerona
16%
Nueva Ecija Mun 131,468 Guimba
16%
Negros Occidental City 117,286 Himamaylan
16%
Sultan Kudarat Mun 101,455 Isulan
16%
Cagayan Mun 48,404 Lal-lo
16%
Leyte Mun 40,622 Leyte
16%
Occidental Mindoro Mun 9,426 Looc
16%
Romblon Mun 21,964 Looc
16%
Iloilo Mun 24,145 Mina
16%
Laguna Mun 25,254 Paete
16%
Laguna Mun 45,602 Pagsanjan
16%
Laguna Mun 23,972 Pakil
16%
Pangasinan Mun 75,143 Pozorrubio
16%
Tarlac Mun 23,808 Ramos
16%
Pangasinan Mun 67,510 Rosales
16%
Camiguin Mun 13,192 Sagay
16%
Negros Occidental City 152,543 Sagay
16%
Surigao del Sur City 63,098 Tandag
16%
Nueva Ecija Mun 55,657 Zaragoza
16%
Pampanga Mun 59,361 Bacolor
15%
Palawan Mun 42,662 Balabac
15%
Sorsogon Mun 21,911 Barcelona
15%
Negros Oriental City 126,744 Bayawan
15%
Surigao del Sur City 99,872 Bislig
15%
Nueva Ecija Mun 69,376 Bongabon
15%
Cagayan Mun 18,008 Calayan
15%
Camarines Sur Mun 50,433 Caramoan
15%
Aurora Mun 17,536 Dilasag
15%
Nueva Vizcaya Mun 35,509 Dupax del Norte
15%
Nueva Vizcaya Mun 22,388 Dupax del Sur
15%
Quezon Mun 72,454 Gumaca
15%
Batangas Mun 58,673 Ibaan
15%
Zamboanga Sibugay Mun 96,363 Ipil
15%
Benguet Mun 59,736 Itogon
15%
Negros Occidental City 67,740 La Carlota
15%
Quezon Mun 54,134 Lucban
15%
Pampanga Mun 133,883 Magalang
15%
Laguna Mun 28,131 Magdalena
15%
Batangas Mun 74,565 Malvar
15%
Pangasinan Mun 79,648 Mangatarem
15%
Pampanga Mun 57,207 Masantol
15%
Agusan del Sur Mun 90,162 Prosperidad
15%
Occidental Mindoro Mun 91,406 Sablayan
15%
Cagayan Mun 26,292 Sanchez-Mira
15%
Batangas Mun 69,419 San Pascual
15%
Masbate Mun 44,641 San Pascual
15%
Batangas Mun 21,742 Santa Teresita
15%
Cagayan Mun 19,476 Santa Teresita
15%
Cagayan Mun 29,066 Santo Niño
15%
Samar Mun 13,088 Santo Niño
15%
South Cotabato Mun 41,026 Santo Niño
15%
Quezon Mun 172,018 Sariaya
15%
Pampanga Mun 32,081 Sasmuan
15%
Laguna Mun 42,533 Siniloan
15%
Quezon Mun 54,709 Tagkawayan
15%
Batangas Mun 15,866 Tingloy
15%
Bohol Mun 37,191 Trinidad
15%
Occidental Mindoro Mun 31,910 Abra de Ilog
14%
Ilocos Norte Mun 2,279 Adams
14%
Nueva Ecija Mun 72,134 Aliaga
14%
Bohol Mun 24,663 Alicia
14%
Isabela Mun 74,699 Alicia
14%
Zamboanga Sibugay Mun 39,484 Alicia
14%
Aklan Mun 30,310 Balete
14%
Batangas Mun 24,202 Balete
14%
Tawi-Tawi Mun 131,887 Bongao
14%
Pangasinan Mun 100,686 Calasiao
14%
Laguna Mun 89,670 Calauan
14%
Tarlac Mun 91,400 Camiling
14%
Rizal Mun 51,493 Cardona
14%
Batangas Mun 36,453 Cuenca
14%
Nueva Ecija Mun 70,919 Cuyapo
14%
Cebu Mun 95,080 Daanbantayan
14%
Aurora Mun 12,552 Dinalungan
14%
Nueva Ecija Mun 40,223 Gabaldon
14%
Quezon Mun 25,110 General Luna
14%
Surigao del Norte Mun 25,208 General Luna
14%
Cagayan Mun 41,994 Gonzaga
14%
Negros Oriental City 106,576 Guihulngan
14%
Quezon Mun 7,884 Jomalig
14%
Laguna Mun 39,976 Liliw
14%
Nueva Ecija Mun 44,620 Llanera
14%
Laguna Mun 32,793 Lumban
14%
Laguna Mun 28,504 Majayjay
14%
Occidental Mindoro Mun 44,554 Mamburao
14%
Palawan Mun 80,572 Narra
14%
Quezon Mun 82,132 Pagbilao
14%
Cagayan Mun 25,182 Pamplona
14%
Camarines Sur Mun 38,556 Pamplona
14%
Negros Oriental Mun 41,209 Pamplona
14%
Laguna Mun 25,318 Pangil
14%
Nueva Ecija Mun 32,694 Pantabangan
14%
Ilocos Norte Mun 24,204 Paoay
14%
Rizal Mun 72,503 Pililla
14%
Quezon Mun 22,499 Pitogo
14%
Zamboanga del Sur Mun 28,375 Pitogo
14%
Isabela Mun 57,412 Ramon
14%
Batanes Mun 1,774 Sabtang
14%
Isabela Mun 22,228 San Agustin
14%
Romblon Mun 23,698 San Agustin
14%
Surigao del Sur Mun 23,612 San Agustin
14%
Pangasinan Mun 51,439 Sison
14%
Surigao del Norte Mun 14,826 Sison
14%
Nueva Ecija Mun 137,444 Talavera
14%
Quezon Mun 107,666 Tiaong
14%
Pangasinan Mun 29,270 Agno
13%
Quezon Mun 15,744 Alabat
13%
Negros Oriental City 88,050 Bais
13%
Ilocos Norte Mun 15,227 Bangui
13%
Zambales Mun 29,334 Cabangan
13%
Nueva Ecija Mun 43,694 Carranglan
13%
Cebu Mun 58,178 Compostela
13%
Davao de Oro Mun 89,224 Compostela
13%
Cagayan Mun 36,481 Enrile
13%
Nueva Ecija Mun 43,779 General Mamerto Natividad
13%
Nueva Ecija Mun 58,093 General Tinio
13%
Benguet Mun 15,841 Kabayan
13%
South Cotabato Mun 84,252 Lake Sebu
13%
Cebu Mun 158,387 Liloan
13%
Southern Leyte Mun 23,787 Liloan
13%
Laguna Mun 21,824 Luisiana
13%
Surigao del Sur Mun 16,872 Madrid
13%
Pangasinan Mun 76,606 Manaoag
13%
Pangasinan Mun 113,302 Mangaldan
13%
Tarlac Mun 34,091 Mayantoc
13%
Pampanga Mun 50,126 Minalin
13%
Cebu Mun 155,934 Minglanilla
13%
Tarlac Mun 66,925 Moncada
13%
Ilocos Sur Mun 46,265 Narvacan
13%
Ilocos Norte Mun 13,305 Nueva Era
13%
Quezon Mun 23,392 Padre Burgos
13%
Southern Leyte Mun 11,515 Padre Burgos
13%
Isabela Mun 18,091 Palanan
13%
Bohol Mun 41,760 Panglao
13%
Tarlac Mun 27,017 Pura
13%
Nueva Ecija Mun 69,180 San Leonardo
13%
Tarlac Mun 53,620 Santa Ignacia
13%
Cagayan Mun 4,643 Santa Praxedes
13%
Ilocos Norte Mun 26,294 Sarrat
13%
Maguindanao del Norte Mun 124,965 Sultan Kudarat
13%
Nueva Ecija Mun 26,469 Talugtug
13%
Batangas Mun 41,332 Taysan
13%
Pangasinan Mun 65,086 Villasis
13%
Batangas Mun 28,033 Alitagtag
12%
Maguindanao del Sur Mun 31,560 Ampatuan
12%
Tarlac Mun 12,865 Anao
12%
Ilocos Norte Mun 32,734 Bacarra
12%
Cagayan Mun 90,723 Baggao
12%
Nueva Vizcaya Mun 60,146 Bambang
12%
Aklan Mun 41,188 Banga
12%
South Cotabato Mun 91,536 Banga
12%
Agusan del Sur City 110,313 Bayugan
12%
Misamis Occidental Mun 34,942 Bonifacio
12%
Benguet Mun 45,703 Buguias
12%
Palawan Mun 26,974 Busuanga
12%
Nueva Ecija Mun 89,497 Cabiao
12%
Albay Mun 73,087 Camalig
12%
Quezon Mun 76,250 Catanauan
12%
Palawan Mun 24,702 Cuyo
12%
Pangasinan Mun 31,842 Dasol
12%
Quirino Mun 58,254 Diffun
12%
Isabela Mun 91,320 Echague
12%
Negros Occidental City 97,050 Escalante
12%
Sarangani Mun 117,017 Glan
12%
Albay Mun 84,420 Guinobatan
12%
Occidental Mindoro Mun 18,761 Lubang
12%
Nueva Ecija Mun 47,175 Lupao
12%
Laguna Mun 21,748 Mabitac
12%
Camarines Norte Mun 53,702 Mercedes
12%
Eastern Samar Mun 6,114 Mercedes
12%
Nueva Ecija Mun 15,297 Nampicuan
12%
Zambales Mun 43,250 Palauig
12%
Capiz Mun 50,946 Panay
12%
Nueva Ecija Mun 33,043 Peñaranda
12%
Ilocos Norte Mun 22,781 Piddig
12%
Albay Mun 89,344 Polangui
12%
Abra Mun 5,963 San Quintin
12%
Pangasinan Mun 34,322 San Quintin
12%
Northern Samar Mun 29,993 San Roque
12%
Ilocos Norte Mun 26,249 Solsona
12%
Abra Mun 4,941 Tubo
12%
Negros Occidental City 90,290 Victorias
12%
Camarines Sur Mun 61,357 Baao
11%
Cagayan Mun 34,562 Ballesteros
11%
Cebu Mun 87,394 Bantayan
11%
Pangasinan Mun 35,728 Bautista
11%
Quezon Mun 68,999 Calauag
11%
Laguna Mun 24,740 Cavinti
11%
Cebu Mun 153,931 Consolacion
11%
Isabela Mun 6,116 Dinapigue
11%
Eastern Samar Mun 52,749 Guiuan
11%
Quezon Mun 70,135 Mauban
11%
Cebu Mun 37,993 Moalboal
11%
Marinduque Mun 32,577 Mogpog
11%
Romblon Mun 48,133 Odiongan
11%
Ilocos Norte Mun 30,521 Pasuquin
11%
Tarlac Mun 13,781 San Clemente
11%
La Union Mun 18,579 San Gabriel
11%
Guimaras Mun 30,266 San Lorenzo
11%
Isabela Mun 61,876 San Mariano
11%
Ilocos Sur Mun 14,319 Santa Catalina
11%
Negros Oriental Mun 80,382 Santa Catalina
11%
Abra Mun 5,059 Tineg
11%
Ilocos Norte Mun 35,051 Vintar
11%
Cagayan Mun 35,347 Abulug
10%
Benguet Mun 15,399 Bakun
10%
Negros Oriental Mun 30,018 Basay
10%
Samar Mun 57,645 Basey
10%
Iloilo Mun 22,174 Batad
10%
Palawan Mun 87,384 Bataraza
10%
La Union Mun 77,670 Bauang
10%
Mountain Province Mun 31,470 Bauko
10%
Abra Mun 3,778 Boliney
10%
Ilocos Sur Mun 20,065 Cervantes
10%
Ilocos Norte Mun 40,176 Dingras
10%
Agusan del Sur Mun 59,065 Esperanza
10%
Masbate Mun 18,021 Esperanza
10%
Sultan Kudarat Mun 73,822 Esperanza
10%
Camarines Sur Mun 71,651 Goa
10%
Albay Mun 72,135 Libon
10%
Nueva Ecija Mun 29,590 Licab
10%
Sarangani Mun 67,907 Maasim
10%
Davao de Oro Mun 87,680 Maco
10%
Batanes Mun 1,745 Mahatao
10%
Davao Occidental Mun 118,438 Malita
10%
Camiguin Mun 41,782 Mambajao
10%
Davao de Oro Mun 85,949 Nabunturan
10%
Cagayan Mun 50,856 Peñablanca
10%
Quezon Mun 13,052 Perez
10%
Ilocos Norte Mun 17,705 Pinili
10%
Lanao del Norte Mun 34,053 Salvador
10%
Quezon Mun 13,331 Sampaloc
10%
Camarines Norte Mun 42,585 Santa Elena
10%
Cebu Mun 18,669 Santander
10%
Sultan Kudarat Mun 48,003 Senator Ninoy Aquino
10%
Maguindanao del Sur Mun 37,437 Shariff Aguak
10%
Capiz Mun 32,628 Sigma
10%
Tawi-Tawi Mun 42,172 Sitangkai
10%
Cagayan Mun 89,840 Solana
10%
Misamis Occidental City 68,419 Tangub
10%
Pangasinan Mun 45,476 Tayug
10%
Albay Mun 56,871 Tiwi
10%
Marinduque Mun 28,535 Torrijos
10%
Quezon Mun 25,357 Unisan
10%
Pangasinan Mun 56,349 Urbiztondo
10%
Pangasinan Mun 45,363 Aguilar
9%
Cebu Mun 78,111 Argao
9%
Nueva Vizcaya Mun 45,000 Aritao
9%
La Union Mun 45,203 Bacnotan
9%
Ilocos Norte Mun 32,832 Badoc
9%
Pangasinan Mun 52,715 Bani
9%
Pangasinan Mun 37,840 Basista
9%
Pangasinan Mun 88,006 Binmaley
9%
Benguet Mun 16,071 Bokod
9%
Sorsogon Mun 106,919 Bulan
9%
Sorsogon Mun 24,152 Bulusan
9%
Quezon Mun 22,742 Burdeos
9%
Palawan Mun 7,164 Cagayancillo
9%
Apayao Mun 12,176 Calanasan
9%
Ilocos Norte Mun 1,775 Carasi
9%
Cebu Mun 72,915 Cordova
9%
Antique Mun 46,442 Culasi
9%
Palawan Mun 23,985 Culion
9%
Maguindanao del Norte Mun 152,907 Datu Odin Sinsuat
9%
Marinduque Mun 35,315 Gasan
9%
Cagayan Mun 59,704 Gattaran
9%
Oriental Mindoro Mun 52,296 Gloria
9%
Cagayan Mun 31,342 Iguig
9%
Sorsogon Mun 59,540 Irosin
9%
Isabela Mun 46,160 Jones
9%
Biliran Mun 21,422 Kawayan
9%
Pangasinan Mun 26,995 Labrador
9%
Iloilo Mun 52,777 Leon
9%
Camarines Sur Mun 113,254 Libmanan
9%
Bohol Mun 17,338 Loboc
9%
Pangasinan Mun 144,344 Malasiqui
9%
Aklan Mun 24,971 Malinao
9%
Albay Mun 49,570 Malinao
9%
Bukidnon Mun 118,075 Manolo Fortich
9%
Quirino Mun 26,541 Nagtipunan
9%
Davao de Oro Mun 50,212 New Bataan
9%
Occidental Mindoro Mun 19,461 Paluan
9%
Mountain Province Mun 30,143 Paracelis
9%
Albay Mun 36,281 Rapu-Rapu
9%
Pangasinan Mun 87,714 San Fabian
9%
Iloilo Mun 52,773 San Joaquin
9%
Antique Mun 36,170 San Remigio
9%
Cebu Mun 67,850 San Remigio
9%
Ilocos Sur Mun 26,200 Santa Lucia
9%
Surigao del Norte Mun 9,757 Santa Monica
9%
Camarines Sur Mun 65,286 Sipocot
9%
Nueva Vizcaya Mun 69,296 Solano
9%
Pangasinan Mun 38,625 Sual
9%
Eastern Samar Mun 18,692 Taft
9%
Benguet Mun 20,886 Tublay
9%
Tawi-Tawi Mun 7,665 Turtle Islands
9%
Bohol Mun 82,179 Ubay
9%
Palawan Mun 39,972 Aborlan
8%
Leyte Mun 61,854 Abuyog
8%
Quezon Mun 13,316 Agdangan
8%
Quirino Mun 31,596 Aglipay
8%
Cebu Mun 17,490 Alcantara
8%
Romblon Mun 16,417 Alcantara
8%
Nueva Vizcaya Mun 8,933 Alfonso Castañeda
8%
Cagayan Mun 50,903 Amulung
8%
Pangasinan Mun 58,349 Asingan
8%
Abra Mun 2,264 Bucloc
8%
Pangasinan Mun 76,027 Bugallon
8%
Cagayan Mun 32,351 Buguey
8%
Maguindanao del Sur Mun 60,931 Buluan
8%
Isabela Mun 55,445 Cabagan
8%
Antique Mun 42,895 Caluya
8%
Ilocos Norte Mun 12,256 Currimao
8%
Capiz Mun 34,555 Dao
8%
Isabela Mun 5,871 Divilacan
8%
Leyte Mun 44,643 Jaro
8%
Camarines Norte Mun 60,626 Jose Panganiban
8%
Benguet Mun 16,884 Kibungan
8%
Southern Leyte Mun 6,480 Limasawa
8%
Quezon Mun 25,266 Macalelon
8%
Leyte Mun 22,256 MacArthur
8%
Quirino Mun 41,867 Maddela
8%
Benguet Mun 38,647 Mankayan
8%
Cebu Mun 62,163 Medellin
8%
Iloilo Mun 68,163 Miagao
8%
Negros Occidental Mun 90,123 Murcia
8%
Aklan Mun 41,568 Nabas
8%
Pangasinan Mun 26,721 Natividad
8%
Oriental Mindoro Mun 109,122 Naujan
8%
Antique Mun 37,325 Pandan
8%
Catanduanes Mun 20,796 Pandan
8%
Quezon Mun 17,118 Panukulan
8%
Cagayan Mun 25,436 Piat
8%
Oriental Mindoro Mun 90,420 Pinamalayan
8%
Iloilo Mun 37,381 San Enrique
8%
Negros Occidental Mun 24,424 San Enrique
8%
Masbate Mun 29,458 San Jacinto
8%
Pangasinan Mun 44,713 San Jacinto
8%
Samar Mun 9,110 San Sebastian
8%
Apayao Mun 14,049 Santa Marcela
8%
Ilocos Sur Mun 26,059 Sinait
8%
South Cotabato Mun 105,296 T'Boli
8%
Cagayan Mun 66,147 Tuao
8%
Pangasinan Mun 78,940 Umingan
8%
Batanes Mun 1,466 Uyugan
8%
Camarines Norte Mun 45,173 Vinzons
8%
Ifugao Mun 34,810 Alfonso Lista
7%
Isabela Mun 45,970 Angadanan
7%
Cebu Mun 54,777 Asturias
7%
Albay Mun 72,298 Bacacay
7%
Nueva Vizcaya Mun 39,138 Bagabag
7%
Iloilo Mun 59,184 Barotac Nuevo
7%
Camarines Norte Mun 43,388 Basud
7%
Pangasinan Mun 56,560 Binalonan
7%
Davao Oriental Mun 15,074 Boston
7%
Camarines Sur Mun 78,104 Buhi
7%
Oriental Mindoro Mun 46,439 Bulalacao
7%
Negros Occidental Mun 83,813 Calatrava
7%
Romblon Mun 11,254 Calatrava
7%
Cagayan Mun 25,629 Camalaniugan
7%
Iloilo Mun 74,177 Carles
7%
Cebu Mun 34,608 Catmon
7%
Isabela Mun 46,688 Cordon
7%
Bohol Mun 53,864 Dauis
7%
Nueva Vizcaya Mun 20,438 Diadi
7%
Ilocos Norte Mun 3,452 Dumalneg
7%
Apayao Mun 18,271 Flora
7%
Sorsogon Mun 61,095 Gubat
7%
Quezon Mun 45,375 Guinayangan
7%
Zamboanga Sibugay Mun 29,652 Imelda
7%
Bukidnon Mun 55,901 Impasugong
7%
Sorsogon Mun 35,978 Juban
7%
Nueva Vizcaya Mun 27,865 Kayapa
7%
Ifugao Mun 17,849 Kiangan
7%
Agusan del Norte Mun 22,671 Kitcharao
7%
Camarines Norte Mun 108,319 Labo
7%
Antique Mun 18,685 Libertad
7%
Misamis Oriental Mun 13,461 Libertad
7%
Abra Mun 4,301 Licuan-Baay
7%
Palawan Mun 16,782 Linapacan
7%
Isabela Mun 4,252 Maconacon
7%
Bohol Mun 22,268 Maribojoc
7%
Davao de Oro Mun 96,405 Monkayo
7%
Camarines Sur Mun 86,458 Nabua
7%
Isabela Mun 34,520 Naguilian
7%
La Union Mun 53,443 Naguilian
7%
Guimaras Mun 43,822 Nueva Valencia
7%
Iloilo Mun 99,920 Oton
7%
Camarines Norte Mun 58,391 Paracale
7%
Quezon Mun 15,554 Patnanungan
7%
Albay Mun 48,713 Pio Duran
7%
Masbate Mun 56,658 Placer
7%
Surigao del Norte Mun 30,442 Placer
7%
Capiz Mun 51,956 Pontevedra
7%
Negros Occidental Mun 54,941 Pontevedra
7%
Cebu Mun 26,908 Poro
7%
Iloilo Mun 78,919 Pototan
7%
Capiz Mun 32,436 President Roxas
7%
Cotabato Mun 51,245 President Roxas
7%
Camarines Sur Mun 58,843 Ragay
7%
Benguet Mun 12,436 Sablan
7%
Quirino Mun 17,863 Saguday
7%
Iloilo Mun 39,423 San Dionisio
7%
Ilocos Sur Mun 8,621 San Esteban
7%
Oriental Mindoro Mun 41,612 Socorro
7%
Surigao del Norte Mun 28,436 Socorro
7%
Cebu Mun 40,746 Sogod
7%
Southern Leyte Mun 48,815 Sogod
7%
Negros Oriental Mun 30,412 Zamboanguita
7%
Biliran Mun 18,716 Almeria
6%
Romblon Mun 5,848 Banton
6%
Iloilo Mun 49,736 Barotac Viejo
6%
Northern Samar Mun 11,005 Biri
6%
Oriental Mindoro Mun 77,540 Bongabong
6%
Abra Mun 17,775 Bucay
6%
Aklan Mun 19,878 Buruanga
6%
Iloilo Mun 62,717 Cabatuan
6%
Isabela Mun 40,223 Cabatuan
6%
Romblon Mun 23,488 Cajidiocan
6%
Occidental Mindoro Mun 31,088 Calintaan
6%
Davao Oriental Mun 39,630 Caraga
6%
Camarines Sur Mun 26,029 Del Gallego
6%
Eastern Samar Mun 14,606 General MacArthur
6%
Antique Mun 54,455 Hamtic
6%
Negros Occidental Mun 63,444 Ilog
6%
Davao Occidental Mun 72,552 Jose Abad Santos
6%
Albay Mun 17,538 Jovellar
6%
Leyte Mun 60,885 Kananga
6%
Abra Mun 5,154 Lagayan
6%
Cagayan Mun 42,042 Lasam
6%
Albay Mun 41,066 Malilipot
6%
Bukidnon Mun 28,666 Malitbog
6%
Southern Leyte Mun 21,691 Malitbog
6%
Masbate Mun 57,362 Milagros
6%
Abra Mun 12,058 Pidigan
6%
Kalinga Mun 35,033 Pinukpuk
6%
Apayao Mun 15,676 Pudtol
6%
Southern Leyte Mun 10,385 San Ricardo
6%
Oriental Mindoro Mun 19,650 San Teodoro
6%
La Union Mun 14,877 Santol
6%
Bohol Mun 11,425 Sevilla
6%
Agusan del Sur Mun 33,271 Sibagat
6%
Antique Mun 67,155 Sibalom
6%
Camarines Sur Mun 19,168 Siruma
6%
La Union Mun 16,888 Sudipen
6%
Bohol Mun 49,275 Tubigon
6%
Isabela Mun 77,153 Tumauini
6%
South Cotabato Mun 78,599 Tupi
6%
Leyte Mun 47,333 Albuera
5%
Cebu Mun 26,520 Alegria
5%
Surigao del Norte Mun 17,846 Alegria
5%
Cagayan Mun 35,946 Allacapan
5%
Iloilo Mun 30,612 Anilao
5%
Antique Mun 22,713 Anini-y
5%
La Union Mun 50,786 Aringay
5%
Davao del Norte Mun 62,929 Asuncion
5%
Cebu Mun 44,626 Badian
5%
Eastern Samar Mun 14,473 Balangiga
5%
La Union Mun 38,190 Bangar
5%
Oriental Mindoro Mun 44,396 Bansud
5%
Cebu Mun 82,427 Barili
5%
Bohol Mun 18,877 Bilar
5%
Cebu Mun 40,097 Borbon
5%
Iloilo Mun 63,896 Calinog
5%
Davao Oriental Mun 45,623 Cateel
5%
Biliran Mun 13,563 Culaba
5%
Bohol Mun 20,068 Dagohoy
5%
Abra Mun 1,773 Daguioman
5%
Isabela Mun 30,860 Delfin Albano
5%
Sorsogon Mun 51,781 Donsol
5%
Iloilo Mun 75,239 Dumangas
5%
Iloilo Mun 54,882 Estancia
5%
Romblon Mun 7,826 Ferrol
5%
Ilocos Sur Mun 4,385 Gregorio del Pilar
5%
Basilan Mun 30,122 Hadji Muhtamad
5%
Ifugao Mun 8,970 Hungduan
5%
Bohol Mun 36,674 Jagna
5%
Leyte Mun 27,759 Javier
5%
Davao del Norte Mun 80,731 Kapalong
5%
Benguet Mun 20,048 Kapangan
5%
Bukidnon Mun 43,491 Kibawe
5%
Abra Mun 3,649 Lacub
5%
Abra Mun 14,577 Lagangilang
5%
Pangasinan Mun 34,550 Laoac
5%
Siquijor Mun 23,092 Lazi
5%
Aklan Mun 28,525 Libacao
5%
Bohol Mun 43,857 Loon
5%
Camarines Sur Mun 33,474 Lupi
5%
Cebu Mun 42,828 Madridejos
5%
Romblon Mun 15,170 Magdiwang
5%
Ilocos Sur Mun 31,970 Magsingal
5%
Abra Mun 4,167 Malibcong
5%
Albay Mun 26,425 Manito
5%
Pangasinan Mun 38,228 Mapandan
5%
Tawi-Tawi Mun 29,218 Mapun
5%
Ifugao Mun 15,525 Mayoyao
5%
Camarines Sur Mun 33,680 Milaor
5%
Cotabato Mun 98,646 M'lang
5%
Quezon Mun 53,976 Mulanay
5%
Agusan del Norte Mun 46,382 Nasipit
5%
Iloilo Mun 24,785 New Lucena
5%
Aklan Mun 37,428 Numancia
5%
Camarines Sur Mun 49,535 Ocampo
5%
Sultan Kudarat Mun 83,633 Palimbang
5%
Catanduanes Mun 8,947 Panganiban
5%
Maguindanao del Norte Mun 123,209 Parang
5%
Sulu Mun 83,092 Parang
5%
Sulu Mun 27,974 Pata
5%
Iloilo Mun 74,594 Pavia
5%
South Cotabato Mun 176,671 Polomolok
5%
Camarines Sur Mun 23,323 Presentacion
5%
Sultan Kudarat Mun 44,344 President Quirino
5%
La Union Mun 19,107 Pugo
5%
Isabela Mun 28,222 Reina Mercedes
5%
Mountain Province Mun 7,781 Sadanga
5%
Bohol Mun 25,329 Sagbayan
5%
Eastern Samar Mun 14,509 San Julian
5%
Agusan del Sur Mun 24,667 Santa Josefa
5%
Samar Mun 27,012 Santa Margarita
5%
Antique Mun 19,365 Sebaste
5%
Negros Oriental Mun 84,169 Siaton
5%
Bohol Mun 26,154 Sierra Bullones
5%
Tawi-Tawi Mun 35,616 Simunul
5%
Palawan Mun 39,371 Sofronio Española
5%
Bukidnon Mun 31,094 Sumilao
5%
Surigao del Sur Mun 40,097 Tago
5%
Capiz Mun 57,684 Tapaz
5%
Ifugao Mun 18,749 Tinoc
5%
Antique Mun 34,411 Tobias Fornier
5%
Lanao del Norte Mun 50,395 Tubod
5%
Surigao del Norte Mun 16,675 Tubod
5%
Basilan Mun 30,027 Tuburan
5%
Cebu Mun 68,307 Tuburan
5%
Cebu Mun 11,638 Tudela
5%
Misamis Occidental Mun 29,082 Tudela
5%
Antique Mun 20,762 Valderrama
5%
Negros Oriental Mun 42,421 Vallehermoso
5%
Misamis Oriental Mun 42,456 Villanueva
5%
Lanao del Sur Mun 51,081 Wao
5%
Palawan Mun 13,351 Agutaya
4%
Basilan Mun 27,911 Akbar
4%
Leyte Mun 59,063 Alangalang
4%
Bohol Mun 11,489 Alburquerque
4%
Cebu Mun 19,207 Alcoy
4%
Iloilo Mun 39,814 Alimodian
4%
Aklan Mun 26,181 Altavas
4%
Nueva Vizcaya Mun 16,401 Ambaguio
4%
Bohol Mun 14,881 Antequera
4%
Masbate Mun 89,154 Aroroy
4%
Bohol Mun 22,754 Baclayon
4%
Negros Oriental Mun 43,889 Bacong
4%
Sultan Kudarat Mun 69,830 Bagumbayan
4%
Cebu Mun 98,170 Balamban
4%
Iloilo Mun 35,193 Balasan
4%
Camarines Sur Mun 31,069 Balatan
4%
Pangasinan Mun 30,678 Balungao
4%
Iloilo Mun 33,790 Banate
4%
Antique Mun 24,925 Barbaza
4%
Bohol Mun 14,423 Batuan
4%
Masbate Mun 15,614 Batuan
4%
Antique Mun 14,433 Belison
4%
Isabela Mun 30,682 Benito Soliven
4%
Mountain Province Mun 6,315 Besao
4%
Bohol Mun 26,278 Bien Unido
4%
Cebu Mun 17,153 Boljoon
4%
Antique Mun 36,060 Bugasong
4%
Agusan del Sur Mun 50,999 Bunawan
4%
Biliran Mun 21,923 Cabucgayan
4%
Ilocos Sur Mun 38,981 Cabugao
4%
Biliran Mun 24,444 Caibiran
4%
Bohol Mun 33,022 Calape
4%
Camarines Sur Mun 25,218 Camaligan
4%
Camarines Sur Mun 35,766 Canaman
4%
Eastern Samar Mun 21,942 Can-avid
4%
Bohol Mun 30,142 Candijay
4%
Camarines Norte Mun 32,800 Capalonga
4%
Catanduanes Mun 30,124 Caramoran
4%
Bohol Mun 21,318 Clarin
4%
Misamis Occidental Mun 39,867 Clarin
4%
Romblon Mun 9,021 Corcuera
4%
Bohol Mun 9,889 Corella
4%
Bohol Mun 18,976 Cortes
4%
Surigao del Sur Mun 18,023 Cortes
4%
Capiz Mun 28,650 Cuartero
4%
Bukidnon Mun 38,564 Damulog
4%
Abra Mun 4,372 Danglas
4%
Negros Oriental Mun 30,921 Dauin
4%
Bohol Mun 14,894 Dimiao
4%
Iloilo Mun 46,032 Dingle
4%
Bukidnon Mun 73,592 Don Carlos
4%
Negros Occidental Mun 28,231 Don Salvador Benedicto
4%
Palawan Mun 23,795 Dumaran
4%
Capiz Mun 51,633 Dumarao
4%
Camarines Sur Mun 11,652 Gainza
4%
Camarines Sur Mun 29,408 Garchitorena
4%
Bohol Mun 33,485 Getafe
4%
Iloilo Mun 35,129 Guimbal
4%
Bohol Mun 34,660 Guindulman
4%
Camiguin Mun 6,827 Guinsiliban
4%
Leyte Mun 66,774 Hilongos
4%
Surigao del Sur Mun 44,475 Hinatuan
4%
Leyte Mun 21,520 Hindang
4%
Negros Occidental Mun 90,403 Hinigaran
4%
Aklan Mun 53,399 Ibajay
4%
Capiz Mun 32,853 Ivisan
4%
Agusan del Norte Mun 25,937 Jabonga
4%
Capiz Mun 40,472 Jamindan
4%
Nueva Vizcaya Mun 46,845 Kasibu
4%
Sarangani Mun 68,745 Kiamba
4%
Bukidnon Mun 57,364 Kitaotao
4%
Negros Occidental Mun 82,500 La Castellana
4%
Camarines Sur Mun 57,044 Lagonoy
4%
Misamis Oriental Mun 27,688 Laguindingan
4%
Negros Oriental Mun 42,721 La Libertad
4%
Zamboanga del Norte Mun 7,874 La Libertad
4%
Ifugao Mun 26,520 Lamut
4%
Abra Mun 3,457 Langiden
4%
Agusan del Norte Mun 32,402 Las Nieves
4%
Antique Mun 28,177 Laua-an
4%
Sultan Kudarat Mun 93,312 Lebak
4%
Iloilo Mun 36,542 Leganes
4%
Aklan Mun 16,200 Lezo
4%
Bukidnon Mun 51,555 Libona
4%
Bohol Mun 11,450 Lila
4%
Bohol Mun 17,957 Loay
4%
Camiguin Mun 14,905 Mahinog
4%
Surigao del Norte Mun 29,205 Mainit
4%
Sarangani Mun 46,120 Maitum
4%
Cotabato Mun 88,522 Makilala
4%
Basilan Mun 66,817 Maluso
4%
Maguindanao del Sur Mun 32,831 Mamasapano
4%
Davao Oriental Mun 39,271 Manay
4%
Oriental Mindoro Mun 60,597 Mansalay
4%
Biliran Mun 6,070 Maripipi
4%
Leyte Mun 32,373 Merida
4%
Northern Samar Mun 43,116 Mondragon
4%
Ilocos Sur Mun 5,370 Nagbukel
4%
Mountain Province Mun 8,906 Natonin
4%
Eastern Samar Mun 35,997 Oras
4%
Northern Samar Mun 34,954 Palapag
4%
Leyte Mun 59,486 Palompon
4%
Camarines Sur Mun 50,708 Pasacao
4%
Antique Mun 40,070 Patnongon
4%
Cotabato Mun 67,220 Pikit
4%
Sorsogon Mun 23,424 Prieto Diaz
4%
Agusan del Norte Mun 17,250 Remedios T. Romualdez
4%
Cebu Mun 21,179 Ronda
4%
Mountain Province Mun 8,556 Sabangan
4%
Eastern Samar Mun 21,335 Salcedo
4%
Ilocos Sur Mun 11,196 Salcedo
4%
Cebu Mun 20,736 Samboan
4%
Camarines Norte Mun 15,072 San Lorenzo Ruiz
4%
Sorsogon Mun 17,400 Santa Magdalena
4%
Capiz Mun 27,377 Sapian
4%
Cebu Mun 54,610 Sibonga
4%
Negros Oriental Mun 69,092 Sibulan
4%
Guimaras Mun 23,787 Sibunag
4%
Tawi-Tawi Mun 38,070 Sibutu
4%
South Cotabato Mun 91,412 Surallah
4%
Cebu Mun 42,066 Tabogon
4%
Cebu Mun 29,662 Tabuelan
4%
Lanao del Norte Mun 16,204 Tagoloan
4%
Misamis Oriental Mun 80,424 Tagoloan
4%
Lanao del Sur Mun 12,843 Tagoloan II
4%
Ilocos Sur Mun 41,606 Tagudin
4%
Bohol Mun 71,450 Talibon
4%
Negros Oriental Mun 39,005 Tayasan
4%
Antique Mun 29,608 Tibiao
4%
Iloilo Mun 65,657 Tigbauan
4%
Kalinga Mun 13,311 Tinglayan
4%
Agusan del Sur Mun 51,179 Trento
4%
Cotabato Mun 61,901 Tulunan
4%
Maguindanao del Norte Mun 65,363 Upi
4%
Negros Occidental Mun 40,487 Valladolid
4%
Agusan del Sur Mun 43,085 Veruela
4%
Abra Mun 5,674 Villaviciosa
4%
Iloilo Mun 27,852 Zarraga
4%
Iloilo Mun 54,100 Ajuy
3%
Basilan Mun 30,318 Al-Barka
3%
Ilocos Sur Mun 7,736 Alilem
3%
Cebu Mun 34,990 Aloguinsan
3%
Misamis Occidental Mun 28,095 Aloran
3%
Negros Oriental Mun 26,566 Amlan
3%
Palawan Mun 14,554 Araceli
3%
Cotabato Mun 51,584 Arakan
3%
Ifugao Mun 16,088 Asipulo
3%
Negros Oriental Mun 50,688 Ayungon
3%
Catanduanes Mun 10,403 Bagamanoc
3%
Davao Oriental Mun 59,796 Baganga
3%
La Union Mun 40,440 Balaoan
3%
Misamis Oriental Mun 11,896 Balingoan
3%
Lanao del Norte Mun 74,003 Balo-i
3%
Davao Oriental Mun 46,231 Banaybanay
3%
Davao del Sur Mun 64,816 Bansalan
3%
Mountain Province Mun 4,363 Barlig
3%
Lanao del Sur Mun 30,227 Bayang
3%
Negros Occidental Mun 72,594 Binalbagan
3%
Negros Oriental Mun 41,543 Bindoy
3%
Iloilo Mun 16,247 Bingawan
3%
Camarines Sur Mun 17,346 Bombon
3%
Lanao del Sur Mun 25,394 Butig
3%
Zamboanga Sibugay Mun 38,730 Buug
3%
Camarines Sur Mun 18,882 Cabusao
3%
Camarines Sur Mun 88,918 Calabanga
3%
Leyte Mun 31,990 Calubian
3%
Negros Occidental Mun 22,083 Candoni
3%
Ilocos Sur Mun 19,715 Caoayan
3%
Northern Samar Mun 12,127 Capul
3%
Leyte Mun 56,060 Carigara
3%
Bohol Mun 23,812 Catigbian
3%
Northern Samar Mun 32,688 Catubig
3%
Sultan Kudarat Mun 33,337 Columbio
3%
Cebu Mun 75,937 Dalaguete
3%
Bukidnon Mun 27,128 Dangcagan
3%
Samar Mun 41,932 Daram
3%
Surigao del Norte Mun 20,786 Del Carmen
3%
Masbate Mun 25,054 Dimasalang
3%
Misamis Occidental Mun 10,214 Don Victoriano
3%
Bohol Mun 19,136 Duero
3%
Capiz Mun 30,872 Dumalag
3%
Cebu Mun 59,954 Dumanjug
3%
Negros Occidental Mun 65,730 Enrique B. Magalona
3%
Siquijor Mun 6,965 Enrique Villanueva
3%
Northern Samar Mun 21,546 Gamay
3%
Isabela Mun 30,850 Gamu
3%
Samar Mun 36,826 Gandara
3%
Bohol Mun 24,450 Garcia Hernandez
3%
Catanduanes Mun 8,348 Gigmoto
3%
Cebu Mun 17,184 Ginatilan
3%
Davao Oriental Mun 63,695 Governor Generoso
3%
Basilan Mun 32,806 Hadji Mohammad Ajul
3%
Negros Occidental Mun 64,364 Hinoba-an
3%
Southern Leyte Mun 30,384 Hinunangan
3%
Southern Leyte Mun 13,042 Hinundayan
3%
Bohol Mun 49,133 Inabanga
3%
Misamis Oriental Mun 34,445 Initao
3%
Leyte Mun 21,629 Inopacan
3%
Iloilo Mun 67,509 Janiuay
3%
Misamis Oriental Mun 58,098 Jasaan
3%
Negros Oriental Mun 32,996 Jimalalud
3%
Cotabato Mun 77,945 Kabacan
3%
Sultan Kudarat Mun 52,257 Kalamansig
3%
Lanao del Norte Mun 72,762 Kapatagan
3%
Lanao del Sur Mun 23,228 Kapatagan
3%
Zamboanga del Norte Mun 43,427 Katipunan
3%
Misamis Oriental Mun 15,763 Kinoguitan
3%
Lanao del Norte Mun 75,015 Lala
3%
Iloilo Mun 80,724 Lambunao
3%
Tawi-Tawi Mun 41,587 Languyan
3%
Basilan Mun 48,777 Lantawan
3%
Northern Samar Mun 60,980 Laoang
3%
Siquijor Mun 14,933 Larena
3%
Eastern Samar Mun 13,063 Lawaan
3%
Cotabato SGU 28,322 Ligawasan
3%
Northern Samar Mun 15,779 Lope de Vega
3%
Misamis Occidental Mun 25,806 Lopez Jaena
3%
Agusan del Sur Mun 43,761 Loreto
3%
Dinagat Islands Mun 9,940 Loreto
3%
Kalinga Mun 8,660 Lubuagan
3%
Davao Oriental Mun 68,717 Lupon
3%
Sultan Kudarat Mun 65,425 Lutayan
3%
Sulu Mun 44,741 Luuk
3%
Capiz Mun 42,997 Ma-ayon
3%
Negros Oriental Mun 85,770 Mabinay
3%
Zamboanga Sibugay Mun 24,296 Mabuhay
3%
Southern Leyte Mun 27,276 Macrohon
3%
Aklan Mun 19,043 Madalag
3%
Camarines Sur Mun 28,197 Magarao
3%
Leyte Mun 28,424 Mahaplag
3%
Aklan Mun 30,650 Makato
3%
Cebu Mun 20,378 Malabuyoc
3%
Davao del Sur Mun 40,280 Malalag
3%
Isabela Mun 32,509 Mallig
3%
Sarangani Mun 108,429 Malungon
3%
Capiz Mun 41,768 Mambusao
3%
Abra Mun 11,087 Manabo
3%
Negros Occidental Mun 55,882 Manapla
3%
Maguindanao del Sur Mun 28,511 Mangudadatu
3%
Negros Oriental Mun 46,461 Manjuyod
3%
Bukidnon Mun 109,864 Maramag
3%
Lanao del Sur Mun 46,233 Marantao
3%
Cotabato Mun 81,610 Matalam
3%
Leyte Mun 32,604 Matalom
3%
Davao del Sur Mun 62,773 Matanao
3%
Leyte Mun 18,713 Mayorga
3%
Misamis Oriental Mun 36,692 Medina
3%
Cotabato Mun 115,735 Midsayap
3%
Camarines Sur Mun 51,841 Minalabac
3%
Negros Occidental Mun 44,864 Moises Padilla
3%
South Cotabato Mun 48,499 Norala
3%
Sulu Mun 30,847 Omar
3%
Davao del Sur Mun 29,888 Padada
3%
Capiz Mun 44,246 Panitan
3%
Samar Mun 35,281 Paranas
3%
Kalinga Mun 10,690 Pasil
3%
Sulu Mun 92,600 Patikul
3%
Abra Mun 7,003 Peñarrubia
3%
Cebu Mun 76,568 Pinamungajan
3%
Negros Occidental Mun 31,942 Pulupandan
3%
Zamboanga del Sur Mun 28,419 Ramon Magsaysay
3%
Camarines Sur Mun 37,087 Sagñay
3%
Southern Leyte Mun 28,131 Saint Bernard
3%
Misamis Oriental Mun 31,128 Salay
3%
Abra Mun 6,328 Sallapadan
3%
Ilocos Sur Mun 7,513 San Emilio
3%
Isabela Mun 21,043 San Guillermo
3%
Samar Mun 17,863 San Jorge
3%
Eastern Samar Mun 15,597 San Policarpo
3%
Misamis Occidental Mun 21,006 Sapang Dalaga
3%
Zamboanga del Norte Mun 31,187 Sergio Osmeña
3%
Ilocos Sur Mun 2,577 Sigay
3%
Bohol Mun 7,031 Sikatuna
3%
Zamboanga del Norte Mun 104,514 Sindangan
3%
Tawi-Tawi Mun 31,942 South Ubian
3%
Misamis Oriental Mun 11,156 Sugbongcogon
3%
Ilocos Sur Mun 4,238 Sugpon
3%
Eastern Samar Mun 15,776 Sulat
3%
Lanao del Norte Mun 65,656 Sultan Naga Dimaporo
3%
Basilan Mun 55,778 Sumisip
3%
Mountain Province Mun 18,073 Tadian
3%
Surigao del Sur Mun 41,157 Tagbina
3%
Agusan del Sur Mun 37,744 Talacogon
3%
Bukidnon Mun 81,932 Talakag
3%
Misamis Oriental Mun 26,801 Talisayan
3%
Aklan Mun 24,004 Tangalan
3%
Davao Oriental Mun 27,349 Tarragona
3%
Abra Mun 14,808 Tayum
3%
Camarines Sur Mun 61,790 Tigaon
3%
Camarines Sur Mun 69,860 Tinambac
3%
Basilan Mun 32,734 Tipo-Tipo
3%
Zamboanga Sibugay Mun 55,534 Titay
3%
Negros Occidental Mun 44,973 Toboso
3%
Leyte Mun 22,016 Tolosa
3%
Southern Leyte Mun 16,846 Tomas Oppus
3%
La Union Mun 31,868 Tubao
3%
Agusan del Norte Mun 26,463 Tubay
3%
Iloilo Mun 23,083 Tubungan
3%
Leyte Mun 8,301 Tunga
3%
Leyte Mun 42,981 Villaba
3%
Samar Mun 27,909 Villareal
3%
Nueva Vizcaya Mun 21,001 Villaverde
3%
Cotabato Mun 38,023 Aleosan
2%
Samar Mun 8,571 Almagro
2%
Misamis Oriental Mun 35,411 Alubijid
2%
Southern Leyte Mun 8,766 Anahawan
2%
Cotabato Mun 26,946 Antipas
2%
Eastern Samar Mun 16,648 Arteche
2%
Leyte Mun 29,587 Babatngon
2%
Iloilo Mun 27,088 Badiangan
2%
La Union Mun 14,434 Bagulin
2%
Eastern Samar Mun 10,014 Balangkayan
2%
Kalinga Mun 13,332 Balbalan
2%
Masbate Mun 28,787 Baleno
2%
Misamis Occidental Mun 18,500 Baliangao
2%
Bohol Mun 19,747 Balilihan
2%
Misamis Oriental Mun 76,877 Balingasag
2%
Masbate Mun 40,236 Balud
2%
Ilocos Sur Mun 7,953 Banayoyo
2%
Cotabato Mun 48,013 Banisilan
2%
Surigao del Sur Mun 53,729 Barobo
2%
Lanao del Norte Mun 24,763 Baroy
2%
Leyte Mun 35,402 Barugo
2%
Dinagat Islands Mun 27,238 Basilisa
2%
Bukidnon Mun 39,151 Baungon
2%
Surigao del Sur Mun 9,016 Bayabas
2%
Zamboanga del Sur Mun 32,687 Bayog
2%
Misamis Oriental Mun 8,293 Binuangan
2%
Northern Samar Mun 27,266 Bobon
2%
Leyte Mun 54,635 Burauen
2%
Bukidnon Mun 38,365 Cabanglasan
2%
Dinagat Islands Mun 18,679 Cagdianao
2%
Samar Mun 23,309 Calbiga
2%
Leyte Mun 34,388 Capoocan
2%
Surigao del Sur Mun 25,672 Carrascal
2%
Masbate Mun 51,165 Cataingan
2%
Masbate Mun 68,510 Cawayan
2%
Leyte Mun 36,700 Dagami
2%
Maguindanao del Sur Mun 38,446 Datu Paglas
2%
Maguindanao del Sur Mun 31,063 Datu Piang
2%
Maguindanao del Sur Mun 17,186 Datu Unsay
2%
Zamboanga del Sur Mun 35,409 Dinas
2%
Davao Occidental Mun 45,681 Don Marcelino
2%
Iloilo Mun 34,941 Dueñas
2%
Leyte Mun 50,728 Dulag
2%
Zamboanga del Sur Mun 48,495 Dumingag
2%
Ilocos Sur Mun 10,263 Galimuyod
2%
Maguindanao del Sur Mun 33,710 General Salipada K. Pendatun
2%
Eastern Samar Mun 12,974 Giporlos
2%
Misamis Oriental Mun 19,269 Gitagum
2%
Zamboanga del Sur Mun 22,173 Guipos
2%
Eastern Samar Mun 8,296 Hernani
2%
Samar Mun 13,791 Hinabangan
2%
Ifugao Mun 9,966 Hingyon
2%
Iloilo Mun 32,442 Igbaras
2%
Sulu Mun 105,384 Indanan
2%
Samar Mun 19,482 Jiabong
2%
Misamis Occidental Mun 29,265 Jimenez
2%
Eastern Samar Mun 8,726 Jipapad
2%
Leyte Mun 16,053 Julita
2%
Bukidnon Mun 35,432 Kadingilan
2%
Zamboanga del Norte Mun 23,381 Kalawit
2%
Bukidnon Mun 44,108 Kalilangan
2%
Lanao del Norte Mun 25,515 Kauswagan
2%
Zamboanga del Sur Mun 45,343 Labangan
2%
Zamboanga del Norte Mun 44,615 Labason
2%
Misamis Oriental Mun 25,072 Lagonglong
2%
Zamboanga del Sur Mun 23,599 Lakewood
2%
Sultan Kudarat Mun 81,288 Lambayong
2%
Bukidnon Mun 68,777 Lantapan
2%
Northern Samar Mun 11,908 Lapinig
2%
Northern Samar Mun 37,425 Las Navas
2%
Northern Samar Mun 29,801 Lavezares
2%
Southern Leyte Mun 16,146 Libagon
2%
Ilocos Sur Mun 4,846 Lidlidda
2%
Zamboanga del Norte Mun 41,881 Liloy
2%
Lanao del Norte Mun 21,385 Linamon
2%
Surigao del Sur Mun 35,203 Lingig
2%
Eastern Samar Mun 18,909 Llorente
2%
Misamis Oriental Mun 20,946 Lugait
2%
Cotabato Mun 55,255 Magpet
2%
Zamboanga del Sur Mun 48,695 Mahayag
2%
Lanao del Norte Mun 23,400 Maigo
2%
Sarangani Mun 82,577 Malapatan
2%
Masbate Mun 44,177 Mandaon
2%
Misamis Oriental Mun 30,968 Manticao
2%
Zamboanga del Norte Mun 35,669 Manukan
2%
Northern Samar Mun 14,858 Mapanas
2%
Samar Mun 18,168 Marabut
2%
Davao de Oro Mun 67,759 Maragusan
2%
Eastern Samar Mun 5,438 Maslog
2%
Leyte Mun 18,618 Matag-ob
2%
Samar Mun 7,708 Matuguinao
2%
Davao de Oro Mun 41,050 Mawab
2%
Eastern Samar Mun 15,456 Maydolong
2%
Masbate Mun 41,199 Mobo
2%
Zamboanga del Sur Mun 52,540 Molave
2%
Davao de Oro Mun 46,581 Montevista
2%
Samar Mun 15,887 Motiong
2%
Lanao del Norte Mun 36,449 Munai
2%
Misamis Oriental Mun 23,562 Naawan
2%
Davao del Norte Mun 60,454 New Corella
2%
Lanao del Norte Mun 19,036 Nunungan
2%
Zamboanga Sibugay Mun 34,124 Olutanga
2%
Misamis Oriental Mun 66,836 Opol
2%
Samar Mun 8,145 Pagsanghan
2%
Northern Samar Mun 34,174 Pambujan
2%
Misamis Occidental Mun 10,891 Panaon
2%
Bukidnon Mun 60,162 Pangantucan
2%
Tawi-Tawi Mun 52,657 Panglima Sugala
2%
Lanao del Norte Mun 27,300 Pantar
2%
Davao de Oro Mun 91,312 Pantukan
2%
Leyte Mun 20,327 Pastrana
2%
Zamboanga Sibugay Mun 33,156 Payao
2%
Samar Mun 18,639 Pinabacdao
2%
Zamboanga del Norte Mun 19,184 Piñan
2%
Southern Leyte Mun 10,930 Pintuyan
2%
Masbate Mun 23,641 Pio V. Corpus
2%
Eastern Samar Mun 14,624 Quinapondan
2%
Surigao del Norte Mun 5,880 San Benito
2%
Samar Mun 7,939 San Jose de Buan
2%
Lanao del Norte Mun 24,826 Sapad
2%
Tawi-Tawi Mun 37,129 Sapa-Sapa
2%
Sulu Mun 100,076 Siasi
2%
Zamboanga Sibugay Mun 43,233 Siay
2%
Zamboanga del Norte Mun 37,883 Sibuco
2%
Southern Leyte Mun 14,677 Silago
2%
Northern Samar Mun 15,512 Silvino Lobos
2%
Misamis Occidental Mun 20,176 Sinacaban
2%
Zamboanga del Norte Mun 51,239 Siocon
2%
Davao del Sur Mun 40,134 Sulop
2%
Ilocos Sur Mun 11,051 Suyo
2%
Leyte Mun 33,888 Tabango
2%
Zamboanga del Sur Mun 24,591 Tabina
2%
Leyte Mun 12,157 Tabontabon
2%
Basilan Mun 38,964 Tabuan-Lasa
2%
Samar Mun 9,139 Tagapul-an
2%
Davao del Norte Mun 28,665 Talaingod
2%
Samar Mun 8,530 Talalora
2%
South Cotabato Mun 42,304 Tampakan
2%
Tawi-Tawi Mun 34,702 Tandubas
2%
South Cotabato Mun 48,570 Tantangan
2%
Kalinga Mun 11,103 Tanudan
2%
Sulu Mun 21,830 Tapul
2%
Samar Mun 26,013 Tarangnan
2%
Zamboanga del Sur Mun 19,716 Tigbao
2%
Dinagat Islands Mun 8,964 Tubajon
2%
Zamboanga Sibugay Mun 48,013 Tungawan
2%
Basilan Mun 31,041 Ungkaya Pukan
2%
Samar Mun 16,051 Zumarraga
2%
Cotabato Mun 71,523 Alamada
1%
Lanao del Sur Mun 14,837 Amai Manabilang
1%
Lanao del Sur Mun 24,381 Bacolod-Kalawi
1%
Surigao del Norte Mun 17,076 Bacuag
1%
Lanao del Sur Mun 31,227 Balabagan
1%
Zamboanga del Norte Mun 25,585 Baliguian
1%
Lanao del Sur Mun 40,047 Balindong
1%
Sulu Mun 39,202 Banguingui
1%
Maguindanao del Norte Mun 43,301 Barira
1%
Lanao del Sur Mun 27,031 Binidayan
1%
Davao del Norte Mun 36,092 Braulio E. Dujali
1%
Lanao del Sur Mun 23,283 Buadiposo-Buntong
1%
Lanao del Sur Mun 28,733 Bubong
1%
Maguindanao del Norte Mun 45,676 Buldon
1%
Surigao del Sur Mun 22,305 Cagwait
1%
Lanao del Sur Mun 17,585 Calanogas
1%
Surigao del Sur Mun 34,233 Cantilan
1%
Surigao del Norte Mun 31,392 Dapa
1%
Maguindanao del Sur Mun 35,274 Datu Abdullah Sangki
1%
Maguindanao del Sur Mun 35,243 Datu Anggal Midtimbang
1%
Maguindanao del Norte Mun 32,088 Datu Blah T. Sinsuat
1%
Maguindanao del Sur Mun 27,678 Datu Hoffer Ampatuan
1%
Maguindanao del Sur Mun 42,181 Datu Montawal
1%
Maguindanao del Sur Mun 21,295 Datu Salibo
1%
Maguindanao del Sur Mun 33,374 Datu Saudi Ampatuan
1%
Zamboanga del Sur Mun 33,156 Dimataling
1%
Zamboanga Sibugay Mun 32,423 Diplahan
1%
Lanao del Sur Mun 26,918 Ditsaan-Ramain
1%
Zamboanga del Sur Mun 34,188 Dumalinao
1%
Lanao del Sur Mun 33,897 Ganassi
1%
Surigao del Norte Mun 22,949 Gigaquit
1%
Zamboanga del Norte Mun 18,040 Godod
1%
Maguindanao del Sur Mun 28,471 Guindulungan
1%
Zamboanga del Norte Mun 37,512 Gutalac
1%
Sulu Mun 8,441 Hadji Panglima Tahil
1%
Zamboanga del Norte Mun 27,951 Jose Dalman
1%
Zamboanga del Sur Mun 11,190 Josefina
1%
Zamboanga Sibugay Mun 48,366 Kabasalan
1%
Maguindanao del Norte Mun 31,863 Kabuntalan
1%
Cotabato SGU 26,099 Kadayangan
1%
Sulu Mun 42,845 Kalingalan Caluang
1%
Lanao del Sur Mun 21,630 Kapai
1%
Cotabato SGU 29,191 Kapalawan
1%
Davao del Sur Mun 53,757 Kiblawan
1%
Lanao del Norte Mun 28,545 Kolambugan
1%
Zamboanga del Sur Mun 30,815 Kumalarang
1%
Surigao del Sur Mun 13,750 Lanuza
1%
Zamboanga del Sur Mun 28,686 Lapuyan
1%
Zamboanga del Norte Mun 29,535 Leon B. Postigo
1%
Surigao del Sur Mun 34,213 Lianga
1%
Dinagat Islands Mun 18,157 Libjo
1%
Cotabato Mun 57,776 Libungan
1%
Sulu Mun 35,412 Lugus
1%
Lanao del Sur Mun 50,959 Lumba-Bayabao
1%
Lanao del Sur Mun 8,768 Lumbaca-Unayan
1%
Lanao del Sur Mun 24,988 Lumbatan
1%
Lanao del Sur Mun 21,469 Lumbayanague
1%
Lanao del Sur Mun 30,044 Madalum
1%
Lanao del Sur Mun 24,886 Madamba
1%
Lanao del Sur Mun 37,292 Maguing
1%
Sulu Mun 85,681 Maimbung
1%
Lanao del Sur Mun 58,377 Malabang
1%
Zamboanga Sibugay Mun 33,194 Malangas
1%
Cotabato SGU 36,427 Malidegao
1%
Surigao del Norte Mun 19,442 Malimono
1%
Zamboanga del Sur Mun 36,025 Margosatubig
1%
Surigao del Sur Mun 19,730 Marihatag
1%
Lanao del Sur Mun 33,595 Marogong
1%
Lanao del Sur Mun 36,803 Masiu
1%
Maguindanao del Norte Mun 41,146 Matanog
1%
Lanao del Norte Mun 16,404 Matungao
1%
Zamboanga del Sur Mun 35,643 Midsalip
1%
Masbate Mun 25,843 Monreal
1%
Lanao del Sur Mun 23,159 Mulondo
1%
Zamboanga del Norte Mun 12,197 Mutia
1%
Cotabato SGU 25,500 Nabalawag
1%
Maguindanao del Norte Mun 30,332 Northern Kabuntalan
1%
Cotabato SGU 16,181 Old Kaabakan
1%
Maguindanao del Sur Mun 49,326 Pagalungan
1%
Lanao del Sur Mun 15,659 Pagayawan
1%
Maguindanao del Sur Mun 21,317 Paglat
1%
Masbate Mun 28,133 Palanas
1%
Sulu Mun 53,903 Panamao
1%
Maguindanao del Sur Mun 29,244 Pandag
1%
Sulu Mun 35,369 Pandami
1%
Sulu Mun 37,157 Panglima Estino
1%
Sulu Mun 41,575 Pangutaran
1%
Lanao del Norte Mun 32,557 Pantao Ragat
1%
Lanao del Sur Mun 40,558 Piagapo
1%
Lanao del Sur Mun 19,296 Picong
1%
Cotabato Mun 53,593 Pigcawayan
1%
Zamboanga del Norte Mun 40,485 Polanco
1%
Lanao del Sur Mun 33,307 Poona Bayabao
1%
Lanao del Norte Mun 30,666 Poona Piagapo
1%
Lanao del Sur Mun 18,020 Pualas
1%
Maguindanao del Sur Mun 31,329 Rajah Buayan
1%
Zamboanga Sibugay Mun 44,735 Roseller Lim
1%
Lanao del Sur Mun 28,807 Saguiaran
1%
Zamboanga del Norte Mun 33,060 Salug
1%
Maguindanao del Sur Mun 29,707 Shariff Saydona Mustapha
1%
Zamboanga del Norte Mun 40,937 Siayan
1%
Zamboanga del Norte Mun 18,199 Sibutad
1%
Zamboanga del Norte Mun 39,836 Sirawai
1%
Zamboanga del Sur Mun 17,247 Sominot
1%
Maguindanao del Sur Mun 50,018 South Upi
1%
Lanao del Sur Mun 12,984 Sultan Dumalondong
1%
Maguindanao del Norte Mun 30,828 Sultan Mastura
1%
Maguindanao del Sur Mun 27,929 Sultan sa Barongis
1%
Surigao del Norte Mun 18,158 Tagana-an
1%
Maguindanao del Sur Mun 39,182 Talayan
1%
Sulu Mun 107,901 Talipao
1%
Maguindanao del Norte Mun 19,750 Talitay
1%
Zamboanga Sibugay Mun 17,925 Talusan
1%
Zamboanga del Sur Mun 37,400 Tambulig
1%
Lanao del Sur Mun 37,190 Tamparan
1%
Zamboanga del Norte Mun 24,653 Tampilisan
1%
Lanao del Norte Mun 17,247 Tangcal
1%
Lanao del Sur Mun 29,558 Taraka
1%
Lanao del Sur Mun 17,567 Tubaran
1%
Lanao del Sur Mun 26,283 Tugaya
1%
Cotabato SGU 33,721 Tugunan
1%
Zamboanga del Sur Mun 42,683 Tukuran
1%
Masbate Mun 56,410 Uson
1%
Zamboanga del Sur Mun 22,619 Vincenzo A. Sagun
1%
Cotabato SGU 19,262 Pahamuddin
0%
No matching quizzes found
Score Distribution
Percent of People with Each Score
Percentile by Number Answered
Your Score History
You have not taken this quiz